Harry Potter Characters - Hints Relative to Others #1 - Statistics

General Stats
  • This quiz has been taken 43 times
  • The average score is 12 of 20
Answer Stats
Hint Answer % Correct
Wife of ^ Ginny
97%
^'s date to the Yule Ball Harry
97%
Mother of ^ Molly
97%
Ravenclaw girl in Harry's year Padma
97%
Twin sister of ^ Parvati
92%
Brother of ^ (name starts with F) Fabian
67%
Bit ^ Fenrir
61%
^’s brother-in-law Bill
58%
Father of ^ Arthur
56%
Killed by ^ at the Battle of Hogwarts Remus
56%
Was asked to the Yule Ball by ^ Fleur
53%
^'s sister Gabrielle
53%
Mauled by ^ Lavender
53%
Attacked ^ in the Department of Mysteries Nagini
53%
Dated ^ in 6th year Ron
53%
First one to question ^ about the Chamber of Secrets Hermione
44%
Was impersonated by ^ Bathilda
42%
^’s pet Crookshanks
36%
Killer of ^ Antonin
33%
Used ^’s book in his class during Harry’s time at Hogwarts Cuthbert
22%
No matching quizzes found
Score Distribution
Percent of People with Each Score
Percentile by Number Answered
Your Score History
You have not taken this quiz